000 02957nam0a2200397 4500
001 RU\NLR\BIBL_A\022668763
005 20260127134954.0
010 _a978-5-907866-68-3
_9163
021 _aRU
_bКН-П-25-059636
_9КН-П-25-5740
035 _a(NLR Aleph) 022668763
090 _a13539582
_c13539582
100 _a20251119d2025 u y0rusy50 ca
101 0 _arus
102 _aRU
105 _aa j 000yy
181 0 _ai
_baxxe
182 0 _an
200 1 _aЭкономика
_eучебное пособие
_eдля профессорско-преподавательского состава, курсантов и слушателей образовательных организаций системы МВД России, обучающихся по специальности 40.05.01 "Правовое обеспечение национальной безопасности"; направлениям подготовки 40.03.02 "Обеспечение законности и правопорядка" и 40.03.01 "Юриспруденция"
_fН. М. Журавлева, П. А. Поротников, C. И. Баженов, A. В. Титова – кандидаты юридических наук
_gФедеральное государственное казенное образовательное учреждение высшего образования "Уральский юридический институт Министерства внутренних дел Российской Федерации", Кафедра социально-экономических дисциплин
203 _aТекст
_bвизуальный
_cнепосредственный
210 _aЕкатеринбург
_cУрЮИ
_d2025
215 _a143 с.
_cил., табл.
_d20
300 _aАвт. указаны на обороте тит. с.
300 _aНа обл.: 80, Победа!
320 _aБиблиогр.: с. 140–142 и в подстроч. примеч.
606 1 _aЭкономика
_xТеория
_jУчебные издания для высших учебных заведений
_2nlr_sh1
_2nlr_sh2
_3RU\NLR\AUTH\66985247
686 1 _aУ010я73
701 1 _aЖуравлева
_bН. М.
_cканд. юрид. наук
_gНаталья Михайловна
_3RU\NLR\AUTH\770234920
701 1 _aПоротников
_bП. А.
_gПавел Анатольевич
701 1 _aБаженов
_bС. И.
_gСергей Иванович
701 1 _aТитова
_bА. В.
_cканд. экон. наук
_gАнна Викторовна
_3RU\NLR\AUTH\770274512
712 0 2 _aУральский юридический институт
_cЕкатеринбург
_bКафедра социально-экономических дисциплин
_3RU\NLR\AUTH\880500695
_4570
942 _cBOOK
980 _aNB